Countries with the most borders per continent - Statistics

General Stats
  • This quiz has been taken 29 times
  • The average score is 24 of 28
Answer Stats
No. of borders % Correct
10 Brazil
100%
14 China
100%
9 Germany
100%
5 Colombia
96%
9 DR Congo
96%
4 Guatemala
96%
14 Russia
96%
5 Argentina
93%
5 Bolivia
93%
10 France
93%
3 Honduras
93%
1 Papua New Guinea
93%
7 India
89%
3 Mexico
89%
5 Peru
89%
7 Sudan
89%
7 Iran
86%
8 Serbia
86%
8 Austria
82%
7 Niger
82%
8 Saudi Arabia
82%
6 Iraq
79%
7 Mali
79%
7 Algeria
75%
8 Turkey
75%
8 Tanzania
61%
8 Zambia
61%
6 Afghanistan
57%
No matching quizzes found
Score Distribution
Percent of People with Each Score
Percentile by Number Answered
Your Score History
You have not taken this quiz